Los canales de distribución : (Registro nro. 10260)

Detalles MARC
000 -LIDER
fixed length control field 01011nam a2200289 4500
001 - NÚMERO DE CONTROL
Identificador de número de control 01465
003 - IDENTIFICACDOR DE NÚMERO DE CONTROL
control field DO-SdBPM
005 - DATE AND TIME OF LATEST TRANSACTION
control field 20250609124122.0
007 - CAMPOS FIJOS DE DESCRIPCIÓN FÍSICA
fixed length control field 01465
008 - ELEMENTOS DE LONGITUD FIJA
fixed length control field 160602b 2000 |||| 00| 0 spa d
020 ## - ISBN
International Standard Book Number 9580457522
040 ## - FUENTE DE CATALOGACIÓN
Agencia que crea de manera original el registro DO-SdBPM
Idioma de catalogación spa
Agencia que realiza la transcripción BPMSU
082 #4 - NÚMERO DE CLASIFICACIÓN DECIMAL DE DEWEY
Classification number 658.84
Item number W562c 2000
Edition number 22
100 1# - ASIENTO PRINCIPAL -- NOMBRE PERSONAL
Nombre personal Wheeler, Steven
Fechas asociadas con el nombre 1958-
245 14 - MENCIÓN DE TITULO
Título Los canales de distribución :
Subtítulo cómo las compañías líderes crean nuevas estrategias para servir a los clientes /
Mención de responsabilidad Steven Wheeler y Evan Hirsh ; traducción Margarita Cárdenas
260 ## - PUBLICACIÓN, DISTRIBUCIÓN, ETC. (PIE DE IMPRENTA)
Lugar de publicación, distribución, etc Barcelona :
Nombre del editor, distribuidor, etc. Grupo Editorial Norma,
Fecha de publicación, distribución, etc 2000
300 ## - DESCRIPCIÓN FÍSICA
Extensión 214 p. ;
Dimensiones 25 cm.
500 ## - NOTA GENERAL
Nota general A la cabeza de la portada : Si el producto ya no es el rey, ¿quién?
590 ## - NOTA LOCAL
Texto de la nota local Inventariado, 2025/VM
650 #4 - ENCABEZAMIENTO DE MATERIA--TEMÁTICO
Término temático o nombre geográfico como elemento de entrada Administración de ventas
650 #4 - ENCABEZAMIENTO DE MATERIA--TEMÁTICO
Término temático o nombre geográfico como elemento de entrada Análisis de mercado.
650 #4 - ENCABEZAMIENTO DE MATERIA--TEMÁTICO
Término temático o nombre geográfico como elemento de entrada Mercadeo
700 1# - ASIENTO SECUNDARIO -- NOMBRE PERSONAL
Nombre personal Hirsh, Evan
Fechas asociadas con el nombre 1956-
Mención de responsabilidad
700 1# - ASIENTO SECUNDARIO -- NOMBRE PERSONAL
Nombre personal Cárdenas, Margarita
Mención de responsabilidad traductor
910 ## - VALIDACIÓN
Validación VMateo V. Control de calidad. BPMSU
942 ## - ADDED ENTRY ELEMENTS (KOHA)
Source of classification or shelving scheme Dewey Decimal Classification
Koha item type Libros
Existencias
Withdrawn status Lost status Source of classification or shelving scheme Damaged status Not for loan Home library Current library Date acquired Source of acquisition Total Checkouts Full call number Barcode Date last seen Price effective from Koha item type
    Dewey Decimal Classification     Biblioteca Pública Metropolitana Salomé Ureña Biblioteca Pública Metropolitana Salomé Ureña 06/02/2016   BPMSU CG 658.84 W562c 2000 BPMSU16060034 06/02/2016 06/02/2016 Libros